Slovník historiků umění, výtvarných kritiků, teoretiků a publicistů v českých zemích a jejich spolupracovníků z příbuzných oborů N-Ž /

Salvato in:
Dettagli Bibliografici
Altri autori: Slavíček, Lubomír (Redattore), Bregantová, Polana (Redattore), Horová, Anděla (Redattore), Platovská, Marie (Redattore)
Natura: Libro
Lingua:ceco
Pubblicazione: Praha : Academia, 2016
Edizione:1. vydanie
Soggetti:
Tags: Aggiungi Tag
Nessun Tag, puoi essere il primo ad aggiungerne!!

MARC

LEADER 00000nam a22000003a 4500
001 0026310
003 SK-STU
005 20190311105803.0
007 ta
008 170926s ----xo-----e------000-0-----d
020 |a 978-80-200-2094-9 
040 |a STU  |b slo 
041 0 |a cze 
044 |a xr 
245 1 0 |a Slovník historiků umění, výtvarných kritiků, teoretiků a publicistů v českých zemích a jejich spolupracovníků z příbuzných oborů N-Ž /  |c ed. Lubomír Slavíček, Polana Bregantová, Anděla Horová, Marie Platovská 
250 |a 1. vydanie 
260 |a Praha :  |b Academia,  |c 2016 
300 |a 835 s.  |b 2 zväzky 
650 0 7 |a historici umenia 
650 0 7 |a výtvarný kritik 
650 0 7 |a teoretik umenia 
650 0 7 |a publicista 
650 0 7 |a biografický slovník 
650 0 7 |a Česko 
650 0 7 |a 19.-21. storočie 
650 0 7 |a výtvarné umenie 
650 0 7 |a architektúra 
700 1 |a Slavíček, Lubomír  |r Z6  |4 edt 
700 1 |a Bregantová, Polana  |r Z6  |4 edt 
700 1 |a Horová, Anděla  |r Z6  |4 edt 
700 1 |a Platovská, Marie  |4 edt 
996 |b 284AU07053  |c A* 10282/U  |l AAKNST  |s P  |a 0  |w 0026310_0001